| Tag |
First Indicator |
Second Indicator |
Subfields |
| LEADER |
00000pam a2200000 a 4500 |
| 001 |
in00000336106 |
| 005 |
20151011053830.0 |
| 008 |
820827s1983 wiua 00011 eng |
| 010 |
|
|
|a 82016395
|
| 020 |
|
|
|a 0870540947 :
|c $13.95
|
| 035 |
|
|
|a (OCoLC)08786048
|
| 035 |
|
|
|9 ABL8446AM
|
| 039 |
0 |
|
|a 2
|b 3
|c 3
|d 3
|e 3
|
| 040 |
|
|
|a DLC
|c DLC
|d TXA
|d UtOrBLW
|
| 049 |
|
|
|a TXAM [Also in] [Sp Coll]
|c 1 [1657142]
|a TXAS
|c 2 [1702292]
|
| 050 |
0 |
0 |
|a PS3552.E157
|b W5 1983
|
| 082 |
0 |
|
|a 813/.54
|2 19
|
| 100 |
1 |
|
|a Bear, Greg,
|d 1951-
|
| 245 |
1 |
4 |
|a The wind from a burning woman /
|c Greg Bear ; drawings by Dennis Neal Smith.
|
| 250 |
|
|
|a 1st ed.
|
| 264 |
|
1 |
|a Sauk City, Wis. :
|b Arkham House Publishers,
|c [1983]
|
| 264 |
|
4 |
|c ©1983
|
| 300 |
|
|
|a xii, 270 pages :
|b illustrations ;
|c 21 cm.
|
| 336 |
|
|
|a text
|b txt
|2 rdacontent
|
| 337 |
|
|
|a unmediated
|b n
|2 rdamedia
|
| 338 |
|
|
|a volume
|b nc
|2 rdacarrier
|
| 500 |
|
|
|a "Jacket [illustration] by Vincent Di Fate"--Dust jacket.
|
| 505 |
0 |
|
|a The wind from the burning woman -- The white horse child -- Petra -- Scattershot -- Mandala -- Hardfought.
|
| 650 |
|
0 |
|a Science fiction, American.
|
| 999 |
|
|
|a MARS
|
| 999 |
f |
f |
|s 571b7a0d-8046-3bc0-bf19-357c443daba9
|i 5eed890d-9a9d-3e05-96fc-f7146c3d03a3
|t 0
|
| 952 |
f |
f |
|p ric
|a Texas A&M University
|b Rellis Campus
|c Joint Library Facility
|s JLF
|d Remote Storage
|t 0
|e PS3552.E157 W5 1983
|h Library of Congress classification
|i unmediated -- volume
|m A14807703907
|
| 998 |
f |
f |
|a PS3552.E157 W5 1983
|t 0
|l Remote Storage
|